التبعية الفكرية في مجال التربية وعلاجها من منظور اسلامي / (Record no. 62512)
[ view plain ]
| 000 -الفاتح | |
|---|---|
| حقل البيانات ثابتة الطول | 00945nam a22002297a 4500 |
| 005 - وقت وتاريخ اخر تعامل مع التسجيلة | |
| رقم الضبط | 20240530110553.0 |
| 008 - عناصر البيانات ثابتة الطول - معلومات عامة | |
| حقل البيانات ثابتة الطول | 160730s2013 ua ||||g b 00| 0 ara d |
| 017 ## - رقم الايداع القانونى | |
| رقم الايداع القانونى | 2013/8971 |
| المصدر ( الهيئة المختصة) | مصر. دار الكتب الوطنية |
| 020 ## - الرقم الدولى المعيارى للكتب | |
| الرقم الدولى المعيارى للكتاب | 9789773832714 |
| 040 ## - مصدر الفهرسة | |
| وكالة الفهرسة الأصلية | EG-CaGPL |
| 082 04 - رقم تصنيف ديوى العشرى | |
| رقم التصنيف | 219.7/ |
| رقم المادة | خ ت |
| رقم الطبعة | 21 |
| 100 0# - المدخل الرئيسى - إسم شخصى | |
| الإسم الشخصى | خالد محمد يوسف التويم |
| 245 12 - بيان العنوان | |
| العنوان | التبعية الفكرية في مجال التربية وعلاجها من منظور اسلامي / |
| بيان المسئوليه,etc | اعداد خالد محمد يوسف التويم. |
| 250 ## - بيان الطبعة | |
| بيان الطبعة | ط. 1. |
| 260 ## - PUBLICATION, DISTRIBUTION, ETC. (IMPRINT) | |
| تاريخ النشر أو التوزيع | 2013. |
| 300 ## - الوصف المادى | |
| التعداد | 456 ص. ؛ |
| أبعاد الوعاء | 24 سم. |
| 504 ## - تبصرة ببليوجرافية | |
| تبصرة ببليوجرافية,الخ | ببليوجرافية : ص. 430-456 |
| 650 #4 - المدخل الاضافى بالموضوع-مصطلح موضوعى | |
| مصطلح موضوعي | الاسلام والاصلاح التعليمي |
| 650 #4 - المدخل الاضافى بالموضوع-مصطلح موضوعى | |
| مصطلح موضوعي | الاسلام والاصلاح الثقافي |
| 942 ## - عناصر المدخل الإضافي( كوها) | |
| مصدر التصنيف او مخطط الترفيف | Dewey Decimal Classification |
| Koha [default] item type | كتاب |
| 260 ## - PUBLICATION, DISTRIBUTION, ETC. (IMPRINT) | |
| -- | القاهرة : |
| -- | ايتراك للطباعة والنشر والتوزيع، |
| حالة التراجع | حالة الفقد | حالة تلف | ليس للاعارة | المكان المؤقت | الموقع الحالى | تاريخ الاكتساب | اجمالي اﻻعارات | رقم الطلب | الباركود | تاريخ اخر مشاهدة | تاريخ تفعيل السعر | نوع وعاء كوها |
|---|---|---|---|---|---|---|---|---|---|---|---|---|
| مكتبة القاهرة الكبرى | مكتبة القاهرة الكبرى | 07/30/2016 | 219.7/ خ ت | 162270 | 07/30/2016 | 07/30/2016 | كتاب |

